|
|
|
|
| LEADER |
00000cam a2200000 7i4500 |
| 001 |
0000000652 |
| 005 |
20000919.0 |
| 090 |
0 |
0 |
|a 354.595
|b MAL 1989
|
| 110 |
1 |
0 |
|a MALAYSIAcUnit Pemodenan Tadbiran Malaysia
|c Panel Memajukan Pentadbiran Awam
|
| 245 |
1 |
0 |
|a Ke arah mewujudkan perkhidmatan awam yang cemerlang :
|b laporan kemajuan Panel Memajukan Pentadbiran Awam
|
| 260 |
0 |
0 |
|a Kuala Lumpur :
|b Unit Pemodenan Tadbiran Malaysia (MAMPU) ,
|c 1989
|
| 300 |
|
|
|a xi, [142] p. :
|b ill. ;
|c 31 cm.
|
| 650 |
0 |
0 |
|a Civil service
|z Malaysia
|
| 650 |
0 |
0 |
|a Public administration
|z Malaysia
|
| 999 |
|
|
|a 0000001960
|b Monograph
|c Open Shelf
|e Default branch
|